Rezidencia veľvyslanca

Na minha lista:
Detalhes bibliográficos
Autor principal: Csernák, Aladár, 1988- (Author)
Outros Autores: Ferianc , Dušan, 1966- (Thesis advisor)
Formato: Manuscrito Livro
Idioma:eslovaco
Publicado em: Bratislava : STU v Bratislave FA, 2011
Assuntos:
Acesso em linha:VAIS
Tags: Adicionar Tag
Sem tags, seja o primeiro a adicionar uma tag!

MARC

LEADER 00000ntm a22000003a 4500
001 stu231717
005 20210525101615.3
008 110719s2011----xo------------------slo-d
040 |a STU  |b slo 
041 0 |a slo 
044 |a xo 
100 1 |a Csernák, Aladár,  |d 1988-  |4 aut  |u A  |T FAD Fakulta architektúry  |X 49002  |U A  |Y 50  |7 A000049002 
242 0 0 |a Residential Building - Vila05  |y eng 
245 1 |a Rezidencia veľvyslanca 
260 |a Bratislava :  |b STU v Bratislave FA,  |c 2011 
650 7 |a architecture  |2 estusub 
650 7 |a architektúra a urbanizmus  |2 stusub 
650 7 |a architektúra  |2 stusub 
700 1 |a Ferianc , Dušan,  |d 1966-  |4 ths  |u A1110  |U FAD Fakulta architektúry  |U FAD Fakulta architektúry  |T FA Ústav architektúry obytných budov  |X 338  |U A1110  |Y 392  |7 A000000338 
856 4 |a info a plný text  |u http://is.stuba.sk/zp/portal_zp.pl?podrobnosti=47661  |u https://opac.crzp.sk/?fn=detailBiblioForm&sid=75A6A01F16DA93B39DFCAE14CDB9  |3 VAIS